Online
Catalog

A troubled peace : (Record no. 33991)

MARC details
000 -CABECERA
campo de control de longitud fija 00963nam a2200253 a 4500
001 - NÚMERO DE CONTROL
campo de control 000034500
005 - FECHA Y HORA DE LA ÚLTIMA TRANSACCIÓN
campo de control 20200930073732.0
008 - DATOS DE LONGITUD FIJA--INFORMACIÓN GENERAL
campo de control de longitud fija 111005s2006 xxu r 000 0 spa d
020 ## - NÚMERO INTERNACIONAL ESTÁNDAR DEL LIBRO
Número Internacional Estándar del Libro 080188330x
040 ## - FUENTE DE LA CATALOGACIÓN
Centro catalogador/agencia de origen DO-SdBNP
Lengua de catalogación spa
Centro/agencia transcriptor BNPHU
082 ## - NÚMERO DE LA CLASIFICACIÓN DECIMAL DEWEY
Número de clasificación 327.730519
Número de documento/Ítem L477t
100 1# - ENTRADA PRINCIPAL--NOMBRE DE PERSONA
Nombre de persona Lee, Chae-Jin,
Fechas asociadas al nombre 1936-
9 (RLIN) 59941
245 10 - MENCIÓN DE TÍTULO
Título A troubled peace :
Resto del título U.S. policy and the two Koreas /
Mención de responsabilidad, etc. Chae-Jin Lee.
260 ## - PUBLICACIÓN, DISTRIBUCIÓN, ETC.
Lugar de publicación, distribución, etc. Baltimore :
Nombre del editor, distribuidor, etc. The Johns Hopkins University Press,.
300 ## - DESCRIPCIÓN FÍSICA
Extensión xiv, 352 p. :
Otras características físicas mapas ;
Dimensiones 24 cm.
500 ## - NOTA GENERAL
Nota general Incluye índice
504 ## - NOTA DE BIBLIOGRAFÍA, ETC.
Nota de bibliografía, etc. Bibliografía : p. 303-341
590 ## - NOTA LOCAL (RLIN)
Nota local Inventariado, 2019/BT
651 #4 - PUNTO DE ACCESO ADICIONAL DE MATERIA--NOMBRE GEOGRÁFICO
Nombre geográfico Estados Unidos
Subdivisión general Relaciones Exteriores
9 (RLIN) 1498
651 #4 - PUNTO DE ACCESO ADICIONAL DE MATERIA--NOMBRE GEOGRÁFICO
Nombre geográfico Corea
Subdivisión general Relaciones Exteriores
Subdivisión geográfica Corea Del Norte
9 (RLIN) 59942
651 #4 - PUNTO DE ACCESO ADICIONAL DE MATERIA--NOMBRE GEOGRÁFICO
Nombre geográfico Corea
Subdivisión general Relaciones Exteriores
Subdivisión geográfica Estados Unidos
9 (RLIN) 59943
651 #4 - PUNTO DE ACCESO ADICIONAL DE MATERIA--NOMBRE GEOGRÁFICO
Nombre geográfico Corea Del Norte
Subdivisión general Relaciones Exteriores
Subdivisión geográfica Estados Unidos
9 (RLIN) 59944
651 #4 - PUNTO DE ACCESO ADICIONAL DE MATERIA--NOMBRE GEOGRÁFICO
Nombre geográfico Corea Del Sur
Subdivisión general Relaciones Exteriores
Subdivisión geográfica Estados Unidos
9 (RLIN) 59945
Holdings
Estado de retiro Estado de pérdida Restricciones de uso No para préstamo Código de colección Localización permanente Ubicación/localización actual Ubicación en estantería Fecha de adquisición Número de inventario Total de préstamos Signatura topográfica completa Código de barras Fecha visto por última vez Precio válido a partir de Tipo de ítem Koha
      Excluido de préstamo Monografías: Libros y Folletos General General Depósito 05.10.2011 LF1   327.730519 L477t 34500-10 25.06.2020 25.06.2020 No se presta
        Monografías: Libros y Folletos General General Orden iniciada 05.10.2011 LF1   327.730519 L477t 34501-10 25.06.2020 25.06.2020 No se presta

Powered by Koha